logo

Bir Sreshtho Munshi Abdur Rouf Library
Jhenaidah Cadet College

Saifur's Student Vocabulary / (Record no. 14473)

MARC details
000 -LEADER
fixed length control field 00594nam a22002297a 4500
001 - CONTROL NUMBER
JCCL Control Number 14473
003 - CONTROL NUMBER IDENTIFIER
JCCL marc code BD-JhCC
005 - DATE AND TIME OF LATEST TRANSACTION
control field 20251207123311.0
008 - FIXED-LENGTH DATA ELEMENTS--GENERAL INFORMATION
fixed length control field 251207b |||||||| |||| 00| 0 eng d
035 ## - SYSTEM CONTROL NUMBER
system control number (BD-JhCC) 14473
040 ## - CATALOGING SOURCE
Original cataloging agency BD-JhCC
Modifying agency BD-JhCC
041 ## - LANGUAGE CODE
Language code of Book eng
082 ## - DEWEY DECIMAL CLASSIFICATION NUMBER
DDC Edition number 23
Classification number 423
Author mark and Year RAH 2025
100 ## - MAIN ENTRY--PERSONAL NAME
Personal name Rahman Khan, Saifur
245 ## - TITLE STATEMENT
Title Saifur's Student Vocabulary /
Statement of responsibility, etc Saifur Rahman Khan
260 ## - PUBLICATION, DISTRIBUTION, ETC. (IMPRINT)
Place of publication, distribution, etc Dhaka:
Name of publisher, distributor, etc Saifur's Publication,
Date of publication, distribution, etc 2025
300 ## - PHYSICAL DESCRIPTION
Pagination 304p.;
Dimensions 21 cm.
Accompanying material Paper binding
490 ## - SERIES STATEMENT
Series statement Saifur's
650 ## - SUBJECT ADDED ENTRY--TOPICAL TERM
Topical term or geographic name as entry element Vocabulary
650 ## - SUBJECT ADDED ENTRY--TOPICAL TERM
Topical term or geographic name as entry element English
942 ## - ADDED ENTRY ELEMENTS (KOHA)
Source of classification or shelving scheme Dewey Decimal Classification
Koha item type Books
Holdings
Source of classification or shelving scheme Damaged status Not for loan Collection code Home library Current library Shelving location Date of accession Total Checkouts Full call number Barcode Date last seen Date checked out Copy number Method of acquisition Koha item type Currency Checked out
Dewey Decimal Classification     Non-fiction JCC Rouf Library JCC Rouf Library General Stacks   1 423 RAH 2025 20337 02/08/2026 01/14/2026 C-1 Purchase Books BDT  
Dewey Decimal Classification     Non-fiction JCC Rouf Library JCC Rouf Library General Stacks   1 423 RAH 2025 20338 01/14/2026 01/14/2026 C-2 Purchase Books BDT 02/08/2026

JCC Library | Contacts | JCC Home

Last Update on 23 September 2017
Copyright @ 2017-2020 JCC Rouf Library
Rouf Library, Jhenidah Cadet College (JCC), Bangladesh